| 000 | 00986nam a2200265 i 4500 | ||
|---|---|---|---|
| 001 | bg | ||
| 003 | BPK | ||
| 005 | 20220330145437.0 | ||
| 008 | 980713s1995 pl |000 0 pol | ||
| 015 | _aPB 1997/4114 | ||
| 020 | _a8385599479 | ||
| 040 |
_aWA N _cBPK |
||
| 080 | _a581.1 | ||
| 245 | 0 | 0 |
_aOłów w komórkach roślinnych : _bpobieranie, reakcje, odporność / _cpod red. Adama Woźnego ; Uniwersytet im. Adama Mickiewicza w Poznaniu. |
| 260 |
_aPoznań : _b"Sorus", _c1995. |
||
| 300 |
_a162, [6] s., [32] s. fot. ; _c24 cm. |
||
| 504 | _aBibliogr. przy rozdz. | ||
| 650 | 4 |
_aKomórka (biol.) _xbotanika _xbadanie. |
|
| 650 | 4 |
_aOłów _xbiochemia _xbadanie. |
|
| 650 | 4 |
_aRośliny _xbiochemia _xbadanie. |
|
| 710 | 2 |
_aSorus Wydawnictwo i Drukarnia Cyfrowa. _4pbl. |
|
| 700 | 1 |
_aWoźny, Adam _d(1945- ) _eRedakcja |
|
| 856 |
_uhttp://koha.tu.koszalin.pl/cgi-bin/koha/opac-detail.pl?biblionumber=30646 _yKatalog online BPK |
||
| 942 |
_2UKD _cKS |
||
| 999 |
_c30646 _d30646 |
||